000 01712nam0a2200325 4500
001 RU\NLR\bibl\31458
005 20260607051828.0
010 _a5-7433-0387-8
_9100
021 _aRU
_b98-47147
_92272
035 _a(NLR Aleph) 000030646
090 _a153000
_c153000
100 _a19990604d1998 |||y0rusy50 ca
101 0 _arus
102 _aRU
105 _aa |||||||||
200 1 _aЭлементы геометрического моделирования в архитектурно-строительном проектировании
_eУчеб. пособие
_fЮ.А. Зайцев, В.С. Полозов
_gМ-во общ. и проф. образования Рос. Федерации, Саратов. гос. техн. ун-т
210 _aСаратов
_cСарат. гос. техн. ун-т
_d1998
215 _a43 с.
_cил.
_d21
320 _aБиблиогр.: с. 41-42
606 _aСтроительное проектирование
_jРуководства, пособия и т.п. для высшей школы
_91064441
_3RU\NLR\auth\6695153
606 _aСтроительное проектирование
_jУчебные издания для высшей школы
_91064441
_3RU\NLR\auth\6695153
686 _aН22я73-1
700 1 _4070
_7ca
_8rus
_aЗайцев
_bЮ. А.
_cканд. техн. наук, инж. графика
_f1935-
_gЮрий Александрович
_911596
_3RU\NLR\auth\7728565
701 1 _aПолозов
_bВ. С.
_gВладимир Сергеевич
_4070
801 0 _aRU
_bNLR
_c19990604
_gPSBO
801 1 _aRU
_bNLR
_c19990604
852 _aNLR
_j99-4/2550
942 _cBOOK
980 _aNB